Establishment of ijam review center in Tanay, Rizal / (Record no. 8881)
[ view plain ]
| 000 -LEADER | |
|---|---|
| fixed length control field | 00888nam a22002177i 4500 |
| 003 - CONTROL NUMBER IDENTIFIER | |
| control field | URS |
| 005 - DATE AND TIME OF LATEST TRANSACTION | |
| control field | 20230217145226.0 |
| 008 - FIXED-LENGTH DATA ELEMENTS--GENERAL INFORMATION | |
| fixed length control field | 190531b ||||| |||| 00| 0 eng d |
| 040 ## - CATALOGING SOURCE | |
| Language of cataloging | eng |
| Description conventions | rda |
| Transcribing agency | URS Pililla Library |
| 082 00 - DEWEY DECIMAL CLASSIFICATION NUMBER | |
| Item number | FS BSBA MM/HRDM1 2012 |
| 100 1# - MAIN ENTRY--PERSONAL NAME | |
| Personal name | Galupo, Jordan O. |
| Relator term | researcher |
| 245 10 - TITLE STATEMENT | |
| Title | Establishment of ijam review center in Tanay, Rizal / |
| Statement of responsibility, etc. | Jordan O. Galupo |
| 300 ## - PHYSICAL DESCRIPTION | |
| Extent | viii, 64 leaves; |
| Dimensions | 28 cm. |
| 336 ## - CONTENT TYPE | |
| Content type term | text |
| Content type code | txt |
| Source | rdacontent |
| 337 ## - MEDIA TYPE | |
| Media type term | unmediated |
| Media type code | n |
| Source | rdamedia |
| 338 ## - CARRIER TYPE | |
| Carrier type term | volume |
| Carrier type code | nc |
| Source | rdacarrier |
| 502 ## - DISSERTATION NOTE | |
| Dissertation note | Feasibility Study |
| Degree type | Bachelor of Science in Business Administration Major in Marketing Management and Human Resource Development Management |
| Name of granting institution | University of Rizal System Pililla |
| 700 1# - ADDED ENTRY--PERSONAL NAME | |
| Personal name | Plantilla, Ariel M. |
| Relator term | adviser |
| 856 ## - ELECTRONIC LOCATION AND ACCESS | |
| Uniform Resource Identifier | <a href="https://drive.google.com/file/d/1R4fAzLLrsE5hNgY8BtJRp-fPlFdDIQNc/view?usp=share_link">https://drive.google.com/file/d/1R4fAzLLrsE5hNgY8BtJRp-fPlFdDIQNc/view?usp=share_link</a> |
| 942 ## - ADDED ENTRY ELEMENTS (KOHA) | |
| Source of classification or shelving scheme | Dewey Decimal Classification |
| Koha item type | Theses and dissertations |
| Withdrawn status | Source of classification or shelving scheme | Damaged status | Not for loan | Home library | Current library | Shelving location | Date acquired | Total Checkouts | Full call number | Barcode | Date last seen | Price effective from | Koha item type |
|---|---|---|---|---|---|---|---|---|---|---|---|---|---|
| Dewey Decimal Classification | Not For Loan | Pililla College Library | Pililla College Library | General Stacks | 05/31/2019 | FS BSBA MM/HRDM1 2012 | FS BSBA MM/HRDM1 201 | 05/31/2019 | 05/31/2019 | Theses and dissertations |